Le Haut-Empire romain : 44 a. C.-235 p. C. (notice n° 1568482)
[ vue normale ]
| 000 -LEADER | |
|---|---|
| fixed length control field | 00844cam a2200133 4500500 |
| 005 - DATE AND TIME OF LATEST TRANSACTION | |
| control field | 20251214004344.0 |
| 041 ## - LANGUAGE CODE | |
| Language code of text/sound track or separate title | fre |
| 042 ## - AUTHENTICATION CODE | |
| Authentication code | dc |
| 100 10 - MAIN ENTRY--PERSONAL NAME | |
| Personal name | France, Jérôme |
| Relator term | author |
| 245 00 - TITLE STATEMENT | |
| Title | Le Haut-Empire romain : 44 a. C.-235 p. C. |
| 260 ## - PUBLICATION, DISTRIBUTION, ETC. | |
| Name of publisher, distributor, etc. | Armand Colin,<br/> |
| Date of publication, distribution, etc. | 2013.<br/> |
| 520 ## - SUMMARY, ETC. | |
| Summary, etc. | Cette synthèse, deuxième opus du panorama de la Rome antique, propose un outil de travail méthodologique et inédit qui répond parfaitement aux besoins spécifiques des étudiants. Jérôme France propose un véritable complément aux cours et aux manuels de référence accompagné d'un choix de documents les plus significatifs, de plans de dissertation, d'une chronologie, d'un glossaire et de sources livresques et informatiques. |
| 856 41 - ELECTRONIC LOCATION AND ACCESS | |
| Uniform Resource Identifier | <a href="https://shs.cairn.info/le-haut-empire-romain--9782200286583?lang=fr&redirect-ssocas=7080">https://shs.cairn.info/le-haut-empire-romain--9782200286583?lang=fr&redirect-ssocas=7080</a> |
Pas d'exemplaire disponible.




Réseaux sociaux